000 00657nam a2200253Ia 4500
003 OSt
005 20221005075536.0
006 a|||||r|||| 00| 0
007 ta
008 221004b |||||||| |||| 00| 0 eng d
020 _a8123739427
024 _a79221
037 _cTextual
040 _aCRL
_cCRL
_beng
041 _2eng
_aeng
082 _aB9v, P2
100 _aBasu Biman
_9609676
245 0 _aCosmic vistas
_b Popular history of astronomy
260 _aNew Delhi
_bNational Book Trust India
_c2002
300 _a131p.
_ccm.
650 _aMATHEMATICS
942 _hB9v, P2
_cTEXL
_2cc
999 _c984727
_d984727